| 000 | 00567nam a2200205 i 4500 | ||
|---|---|---|---|
| 001 | 9884 | ||
| 003 | ES-MaACL | ||
| 005 | 20230906145757.0 | ||
| 007 | t| | ||
| 008 | 940325s1994 sp ||||1| spa d | ||
| 020 | _a84-322-4708-1 | ||
| 080 | _a86.0(83)-94"19" | ||
| 080 | _a86.0(83)(Jodorowsky,A.7 D.01) | ||
| 100 | 1 |
_aJodorowsky, Alejandro. _966698 |
|
| 245 | 1 | 0 |
_aDonde mejor canta un pájaro / _cAlejandro Jodorowsky. |
| 250 | _a1ª ed. | ||
| 260 |
_aBarcelona : _bSeix Barral, _c1994. |
||
| 300 |
_a318 p. ; _c21 cm. |
||
| 852 |
_aES-MaACL _jL-17370 _bR.122548 |
||
| 999 |
_c9884 _d9884 |
||